Normal view
MARC view
Entry Personal Name
001 - CONTROL NUMBER
- control field: 77119
003 - CONTROL NUMBER IDENTIFIER
- control field: dpl
005 - DATE AND TIME OF LATEST TRANSACTION
- control field: 20250127122653.0
008 - FIXED-LENGTH DATA ELEMENTS
- fixed length control field: 250127|| aca||aabn | a|a d
040 ## - CATALOGING SOURCE
- Original cataloging agency: dpl
- Transcribing agency: dpl
100 ## - HEADING--PERSONAL NAME
- Personal name: Malhotra, Raj
670 ## - SOURCE DATA FOUND
- Source citation: Work cat.: (dpl)208741: Malhotra, Raj , Errorless 24 Previous Years UPSC Civil Services IAS Prelims/, 2024
